• 首页
  • 本馆介绍
  • 公告通知
  • 最新文献
  • 馆藏检索
  • 电子资源
  • 读者导购
  • 参考咨询
  • 我的图书馆
  • 登录
  • 详细信息显示
  • 放入我的书架
  • 预约/预借图书
  • 作者相关作品
  • 分类相关作品
  • 丛书相关作品
  • 出版社相关作品

书目信息

  • 表格格式
  • 工作单格式
  • 卡片格式
题名:
拳击秘诀
    
 
作者: 帕特逊 著 ;徐晋生 译
分册:  
出版信息: 西安   陕西人民出版社  1984
页数: 74页
开本: 19cm
丛书名:
单 册:
中图分类: G886.1
科图分类:
主题词: 拳击-运动技术 , 运动技术-拳击 , 体育
电子资源:
ISBN:
000 00737nam0 2200277 45
001 0184003493
005 20040507160217.4
010    @dCNY0.33
091    @a7094.409
100    @a19950706d1984 em y0chiy0121 ea
101 1  @achi@ceng
102    @aCN@b610000
105    @aa z 000yy
106    @ar
200 10 @a拳击秘诀@Aquan ji mi jue@f(美)佛劳德·帕特逊著@g徐晋生译
210    @a西安@c陕西人民出版社@d1984
215    @a74页@c插图@d19cm
606    @a拳击-运动技术
606    @a运动技术-拳击
606 0  @a体育
690    @aG886.1
701  1 @a帕特逊@Apa te xun@b佛劳德@4著@f美
702  0 @a徐晋生@Axu jin sheng@4译
801  0 @aCN@b上海图书馆@c20040507
801  2 @aCN@bNLC@c20040507
905    @f1@b170742@dG886.1@e10
    
    拳击秘诀/(美)佛劳德·帕特逊著/徐晋生译.-西安:陕西人民出版社,1984
    74页:插图;19cm
    
    
    ISBN :CNY0.33
    
●
相关链接 在E读中查询图书 在五车中查询图书 在当当中查询图书 在豆瓣中查询图书


正题名:拳击秘诀     索取号:G886.1/10         预约/预借

序号 登录号 条形码 馆藏地/架位号 状态 备注
1 0170742   000991537   第一样本阅览室/ [索取号:G886.1/10] 在馆    
唐山师范学院图书馆 欢迎您!
大连网信软件有限公司© 版权所有